00343nam a2200145Ia 45000030006000000080041000060400015000471000018000622450030000802500006001102600044001163000008001605460012001680050017001800STCL150530s9999 xx 000 0 und d aSTCLcSTCL aVivek Solanki aTennis - Skills and Rules a1 bKHEL Sahitya Kendra; Delhic2010aDelhi a337 aEnglish20220125170626.0